| 000 | 00624cam a22002291 4500 | ||
|---|---|---|---|
| 001 | sa 68003332 | ||
| 003 | DLC | ||
| 005 | 20260227112451.0 | ||
| 008 | 890531s1966 ii b 000 0 hino | ||
| 010 | _asa 68003332 | ||
| 035 | _a(OCoLC)19792124 | ||
| 040 |
_aDLC _cWaU _dDLC |
||
| 042 | _apremarc | ||
| 050 | 0 | 0 |
_aPK2095.N3 _bB67 |
| 100 | 1 |
_aRai, Purnamasi, _d1928- |
|
| 245 | 0 | 0 | _aNandadāsa aura unakā Bham̐varagīta. |
| 260 | _c[1966] | ||
| 300 |
_a9, 83, 75, 27, 2 p. _c21 cm. |
||
| 500 | _aIn Hindi. | ||
| 504 | _aBibliography: p. [1]-2 (last group) | ||
| 600 | 0 | 0 |
_aNandadāsa, _dactive 1568. _tBham̐varagīta. |
| 999 |
_c79402 _d79402 |
||